Nobel Author Countries Quiz Stats

 Plays Quiz not verified by Sporcle

Score 0/12 Timer 05:00
0 Plays Today
Authors Country % Correct
Rudyard Kipling, Bertrand RussellUnited Kingdom
100%
Sinclair Lewis, Pearl S. BuckUSA
100%
Selma Lagerlof, Par LagerkvistSweden
100%
Ivan Bunin, Mikhail SholokovRussia
98.7%
William Butler Yeats, Samuel BeckettIreland
98.7%
Bjornstjerne Bjornson, Sigrid UndsetNorway
98.7%
Theodor Mommsen, Heinrich BollGermany
97.4%
Giosue Carducci, Eugenio MontaleItaly
97.4%
Sully Prudhomme, Andre GideFrance
96.1%
Henryk Sienkiewicz, Wislawa SzymborskaPoland
96.1%
Jose Echegary, Camilo Jose CelaSpain
92.9%
Karl Gjellerup, Johannes JensenDenmark
92.2%

You're not logged in!

Compare scores with friends on all Sporcle quizzes.
OR
Log In

Show Comments

Extras

Top Quizzes Today


Score Distribution

Your Account Isn't Verified!

In order to create a playlist on Sporcle, you need to verify the email address you used during registration. Go to your Sporcle Settings to finish the process.

Report this User

Report this user for behavior that violates our Community Guidelines.

Details: